|
|
|
|
| LEADER |
03049nem a22004692a 4500 |
| 001 |
mzk03001063206 |
| 003 |
CZ BrMZK |
| 005 |
20101213093606.0 |
| 007 |
aj|ca||| |
| 008 |
080605s1682 it ij|||||a|||r|0|||itaod |
| 034 |
1 |
|
|a a
|b 910000
|d E0114757
|e E0162012
|f N0385155
|g N0362755
|
| 040 |
|
|
|a BOA001
|b cze
|
| 043 |
|
|
|a e-it---
|
| 072 |
|
7 |
|a 912:904
|x Staré mapy
|2 Konspekt
|9 7
|
| 080 |
|
|
|a (084.3)
|2 MRF
|
| 080 |
|
|
|a (450)
|2 MRF
|
| 080 |
|
|
|a 912.43:069.5
|2 MRF
|
| 100 |
1 |
|
|a Cantelli, Giacomo,
|d 1643-1695
|7 mzk2007417273
|4 aut
|
| 245 |
1 |
0 |
|a Isola e Regno di Sicilia detta anticamte. Isola del Sole et Isola de Ciclopi, e poscia Trinacrita, Triquetra, e Sicania
|h [kartografický dokument] :
|b All. Ecc.mo Signore don Gaspar de Aro e Gvsman Marchese del Carpio e Contedvca d'Olivares Ambas.re Straord.o di sva maesta cattolica e svo vicere nel regno di Napoli. Quest Isola Pensile dell Italia s'incontra con V. E. quando passa col suo Ramo d'oro a Campi Elisy di Napoli hora pini felice Quando V. E. ui s'accosti, rendera colla sua Vmanita non meno mansuete le Cariddi, che innocenti le Sirene, et hauera essa a uista il suo Archimede auuezzo a giocar co i Globbi del mondo, et a tirarui Linee d'Eternita D. E. V. /
|c Descritta nouamente da Giacomo Cantelli da Vignola du le relationi esattissime del Padre F. Tomaso Fazello, e d'altri Autori piu recenti, e data in luce da Gio. Giacomo de Rossi nela sua stamperia in Roma alla Pace con Priv. del S. Pont. 1682 ; Franc. Donia Messis Sculp. Vmill. et oblig. seruit. Gio. Giacomo de Rossi
|
| 255 |
|
|
|a Měřítko [ca 1:910 000]. 6 cm = 30 Miglia d'Italia = 24 Leghe di Francia. 5,4 cm = 7 Leghe di Germania. 6 cm = 9 Leghe di Spagna
|c (011°47´57" v.d.--016°20´12" v.d./038°51´55" s.š.--036°27´55" s.š.)
|
| 260 |
|
|
|a in Roma :
|b e data in luce da Gio. Giacomo de Rossi,
|c 1682
|
| 300 |
|
|
|a 1 mapa :
|b mědirytina, ručně kolorovaná ;
|c 43 x 54 cm na listu 45 x 56 cm
|
| 500 |
|
|
|a Podlepeno papírem o velikosti 57,5 x 65 cm
|
| 500 |
|
|
|a Výzdoba: V levém horním rohu kartuše s dedikací, v levém dolním rohu měřítka, v pravém dolním rohu ozdobná nápisová kartuše, v mapovém rámci geografické souřadnice
|
| 510 |
3 |
|
|a IDS Basel Bern
|
| 510 |
4 |
|
|a Kuchař, K. Mapová sbírka B.P. Molla,
|c s. 305
|
| 655 |
|
7 |
|a historické mapy
|7 fd186723
|2 czenas
|
| 650 |
0 |
4 |
|a Mollova mapová sbírka
|
| 650 |
0 |
7 |
|a mapové sbírky
|z Česko
|7 ph182407
|2 czenas
|
| 610 |
2 |
7 |
|a Moravská zemská knihovna (Brno, Česko).
|b Mapová sbírka B.P. Molla
|7 mzk2005304487
|2 czenas
|
| 651 |
|
7 |
|a Sicílie (Itálie)
|7 ge130805
|2 czenas
|
| 700 |
1 |
|
|a Fazello, Tomaso
|4 oth
|
| 700 |
1 |
|
|a Donia, Francesco,
|d činný 1668-1701
|7 mzk2009528541
|4 oth
|
| 700 |
1 |
|
|a De Rossi, Giovanni Giacomo,
|d 1627-1691
|7 mzk2009533749
|4 pbl
|
| 856 |
4 |
1 |
|u http://mapy.mzk.cz/mzk03/001/063/206/2619269079
|y Digitalizovaný dokument
|
| 903 |
|
|
|a RP
|
| 910 |
|
|
|a BOA001
|b Moll-0003.067
|
| 978 |
|
|
|b Rossi, Giovanni Giacomo
|a Roma
|c 1682
|
| 984 |
|
|
|a Řím
|b Itálie
|
| 985 |
|
|
|a 1651-1700
|
| 990 |
|
|
|a MP
|
| 991 |
|
|
|k mzk
|